| 000 | 00873nac a22002411u 4500 | ||
|---|---|---|---|
| 010 | _a 93048291 | ||
| 020 | _a0132450100 | ||
| 082 | 0 | 0 |
_a659.2 _bCUT |
| 090 |
_c9625 _d9625 |
||
| 100 | _aCutlip, Scott M. | ||
| 245 | 1 | 0 |
_aEffective public relations / _cScott M. Cutlip, Allen H. Center, Glen M. Broom. |
| 250 | _a7th ed. | ||
| 260 |
_aEnglewood Cliffs, N.J. : _bPrentice-Hall,c1994. _cc1994. |
||
| 300 |
_axvi, 560 p. : _bill. ; _c25 cm. |
||
| 500 | _aDistributer: Al-Ahram. | ||
| 504 | _aIncludes bibliographical references and index. | ||
| 511 | _aCatalogued By: Mahitab. | ||
| 650 | 0 | _aPublic relations. | |
| 700 | 1 | _aCenter, Allen H. | |
| 700 | 1 | _aBroom, Glen M. | |
| 942 |
_cBB _k659.2CUT |
||
| 999 |
_c9625 _d9625 |
||